| 000 | 00811cam a22002773a 4500 | ||
|---|---|---|---|
| 001 | 17640 | ||
| 003 | PGUSA | ||
| 005 | 20140828083357.0 | ||
| 008 | 060130s2006||||xxu|||||s|||||000 1 eng d | ||
| 040 |
_aPGUSA _beng |
||
| 042 | _adc | ||
| 050 | 4 | _aPR | |
| 100 | 1 |
_aSwift, Jonathan, _d1667-1745 |
|
| 245 | 1 | 0 |
_aLes Voyages de Gulliver _h[electronic resource] / _cJonathan Swift |
| 260 |
_bProject Gutenberg, _c2006 |
||
| 506 | _aPublic domain in the USA. | ||
| 516 | _aElectronic text | ||
| 653 | _aSatire | ||
| 653 | _aGulliver, Lemuel (Fictitious character) -- Fiction | ||
| 653 | _aVoyages, Imaginary -- Early works to 1800 | ||
| 653 | _aFantasy fiction | ||
| 653 | _aTravelers -- Fiction | ||
| 830 | 0 |
_aProject Gutenberg _v17640 |
|
| 856 | 4 | 0 | _uhttp://www.gutenberg.org/ebooks/17640 |
| 942 | _cEB | ||
| 999 |
_c246895 _d246895 |
||